Normal view
MARC view
Entry Personal Name
001 - CONTROL NUMBER
- control field: 3956
003 - CONTROL NUMBER IDENTIFIER
- control field: BD-RjUL
005 - DATE AND TIME OF LATEST TRANSACTION
- control field: 20220630110543.0
008 - FIXED-LENGTH DATA ELEMENTS
- fixed length control field: 220630|| aca||aabn | a|a d
040 ## - CATALOGING SOURCE
- Original cataloging agency: BD-RjUL
- Transcribing agency: BD-RjUL
100 ## - HEADING--PERSONAL NAME
- Personal name: Ptolemy,
- Dates associated with a name: active 2nd century
670 ## - SOURCE DATA FOUND
- Source citation: Work cat.: (BD-RjUL)80066: [Al-Khwarizmi, Abu Jaafar Muhammad ibn Musa ] ال خوارزمي, أبو جعفر محمد بن موسى 3955, كتاب صورة الارض :Kitāb ṣūrat al-arḍ :, 1926